000 00806nam a22001937a 4500
999 _c371808
_d371808
008 201127b ||||| |||| 00| 0 eng d
040 _aDE-2950
_bger
_cDE-2950
_erda
041 _ager
245 _aOderfrucht und die Energiekrise.
_bWirtschaft. Die Feinschmecker Hefekloß GmbH aus Frankfurt hat nach Corona nun mit explodierenden Energie- und Rohstoffpreisen zu kämpfen. Wie das Unternehmen durch die nächste Krise kommen will/
_cThomas Gutke
264 _c2022
653 _aFrankfurt (Oder)
653 _aWirtschaft
653 _aOderfrucht
773 _dFrankfurt (Oder) Märkisches Verlags- und Druckhaus GmbH & Co KG
_tMärkische Oderzeitung
_g33. Jahrgang (2022) Nr. 192 vom 18.08.2022, S. 19 mit Bild
942 _cA